Historia de la filosofia.
Guardado en:
| Autor principal: | |
|---|---|
| Otros Autores: | , , , |
| Formato: | Libro |
| Lenguaje: | español |
| Publicado: |
Barcelona, España:
Ariel,
1978 - 1984.
|
| Colección: | Colección Convivium.
|
| Materias: | |
| Etiquetas: |
Agregar Etiqueta
Sin Etiquetas, Sea el primero en etiquetar este registro!
|
MARC
| LEADER | 00000nam a2200000 a 4500 | ||
|---|---|---|---|
| 001 | UCY4676 | ||
| 003 | CL-VaPUC | ||
| 005 | 20231115160036.0 | ||
| 008 | 950324e19780000SP |||||||||||||||||spa|d | ||
| 999 | |c 232460 |d 232458 | ||
| 020 | |a 84-344-3937-9 (obra completa, rústica) | ||
| 020 | |a 84-344-3917-4 (v. I) | ||
| 020 | |a 84-344-3919-0 (v. II) | ||
| 020 | |a 84-344-3922-0 (v. III) | ||
| 020 | |a 84-344-8724-1 (v. IV) | ||
| 020 | |a 84-344-3932-8 (v.V) | ||
| 040 | |c Pontificia Universidad Católica de Valparaíso | ||
| 082 | 0 | 4 | |a 109 COP 1981 (v. I) |2 21 |
| 082 | 0 | 4 | |a 109 COP 1978 (v. II) |
| 082 | 0 | 4 | |a 109 COP 1979 (v. III) |2 21 |
| 082 | 0 | 4 | |a 109 COP 1984 (v. IV) |
| 082 | 0 | 4 | |a 109 COP 1981 (v. V) |2 21 |
| 100 | 0 | |a Copleston, Frederick |e autor |9 333145 | |
| 245 | 1 | 0 | |a Historia de la filosofia. |
| 260 | |a Barcelona, España: |b Ariel, |c 1978 - 1984. | ||
| 300 | |a 9 Volúmenes. | ||
| 490 | 0 | |a Colección Convivium. | |
| 500 | |a c.1 Volumen I: Donación Familia Prof. Alejandro Guzmán Brito. c.2 Volumen II: Donación Familia Prof. Alejandro Guzmán Brito. c.2 Volumen III: Donación Familia Prof. Alejandro Guzmán Brito. c.2 Volumen IV: Donación Familia Prof. Alejandro Guzmán Brito. c.2 Volumen V: Donación Familia Prof. Alejandro Guzmán Brito. | ||
| 505 | |a v. I: Grecia y Roma. v. II: De San Agustín a Escoto. v. III: De Ockham a Suarez. v. IV: De Descartes a Leibniz v. V: De Hobbes a Hume. | ||
| 583 | |a last modification |c 19950324 00:00:00 |k Rodrigo Vera | ||
| 650 | 0 | |a Filosofía |9 223554 |x Historia | |
| 700 | |a García Borrón, Juan Carlos |e traductor |e v.II -v.III -v.IV |9 863480 | ||
| 700 | 1 | |a Doménech, Ana |e traductora |e v.V- v.VII |9 863481 | |
| 700 | 1 | |a Camps, Victoria |e traductora |e v.III |9 863484 | |
| 700 | 1 | |a García de la Mora, José Manuel |e traductor |e v.IX |9 863485 | |
| 942 | |c BK |2 ddc |n 0 | ||
| 945 | |d 19950324 00:00:00 |a aalvarez | ||
| 952 | |0 0 |1 0 |4 0 |6 109_000000000000000_COP_1978 |7 0 |8 R |9 236938 |a BIBEDU |b BIBEDU |c MCIRC |d 2019-11-15 |h v.2 |i 3068072 |o 109 COP 1978 |p 3068072 |r 2023-01-13 |w 2019-11-15 |y BK_R |k FIL | ||
| 952 | |0 0 |1 0 |4 0 |6 109_000000000000000_COP_1978 |7 0 |8 R |9 236939 |a BIBEDU |b BIBEDU |c MCIRC |d 2019-11-15 |h v.3 |i 3068080 |o 109 COP 1978 |p 3068080 |r 2023-01-13 |w 2019-11-15 |y BK_R |k FIL | ||
| 952 | |0 0 |1 0 |4 0 |6 109_000000000000000_COP_1978 |7 0 |8 R |9 236940 |a BIBEDU |b BIBEDU |c MCIRC |d 2019-11-15 |h v.4 |i 3068056 |l 5 |m 1 |o 109 COP 1978 |p 3068056 |r 2025-05-05 |s 2025-04-28 |w 2019-11-15 |y BK_R |k FIL | ||
| 952 | |0 0 |1 0 |4 0 |6 109_000000000000000_COP_1978 |7 0 |8 R |9 236941 |a BIBEDU |b BIBEDU |c MCIRC |d 2019-11-15 |h v.5 |i 3068048 |l 1 |m 1 |o 109 COP 1978 |p 3068048 |r 2023-01-13 |s 2022-11-15 |w 2019-11-15 |y BK_R |k FIL | ||
| 952 | |0 0 |1 0 |4 0 |6 109_000000000000000_COP_1978 |7 0 |8 R |9 236942 |a BIBEDU |b BIBEDU |c MCIRC |d 2019-11-15 |h v.7 |i 3068064 |o 109 COP 1978 |p 3068064 |r 2023-01-13 |w 2019-11-15 |y BK_R |k FIL | ||
| 952 | |0 0 |1 0 |4 0 |6 109_000000000000000_COP_1978 |7 0 |8 R |9 236943 |a BIBEDU |b BIBEDU |c MCIRC |d 2019-11-15 |h v.9 |i 306803K |o 109 COP 1978 |p 306803K |r 2023-01-13 |w 2019-11-15 |y BK_R |k FIL | ||
| 952 | |0 0 |1 0 |4 0 |6 109_000000000000000_COP_1978 |7 0 |8 R |9 236944 |a BIBEDU |b BIBEDU |c MCIRC |d 2019-11-15 |h v.8 |i 3068099 |l 1 |o 109 COP 1978 |p 3068099 |r 2023-11-03 |s 2023-11-03 |w 2019-11-15 |y BK_R |k FIL | ||
| 952 | |0 0 |1 0 |2 ddc |4 0 |6 109_000000000000000_COP_1981 |7 1 |8 C_AGB |9 579859 |a BIBDER |b BIBDER |d 2021-12-27 |e Donación |h v. V |i 5631939 |o 109 COP 1981 |p 5631939 |r 2023-01-25 |t 2 |w 2021-12-27 |y BK_US |k AGB | ||
| 952 | |0 0 |1 0 |2 ddc |4 0 |6 109_000000000000000_COP_1978 |7 1 |8 C_AGB |9 579861 |a BIBDER |b BIBDER |d 2021-12-27 |e Donación |h v.I |i 5631947 |o 109 COP 1978 |p 5631947 |r 2023-01-25 |t 1 |w 2021-12-27 |y BK_US |k AGB | ||
| 952 | |0 0 |1 0 |2 ddc |4 0 |6 109_000000000000000_COP_1978 |7 1 |8 C_AGB |9 579884 |a BIBDER |b BIBDER |d 2021-12-28 |e Donación |h v. II |i 5632161 |o 109 COP 1978 |p 5632161 |r 2023-01-25 |t 2 |w 2021-12-28 |y BK_US |k AGB | ||
| 952 | |0 0 |1 0 |2 ddc |4 0 |6 109_000000000000000_COP_1979 |7 1 |8 C_AGB |9 579885 |a BIBDER |b BIBDER |d 2021-12-28 |e Donación |h v. III |i 563217K |o 109 COP 1979 |p 563217K |r 2023-01-25 |t 2 |w 2021-12-28 |y BK_US |k AGB | ||
| 952 | |0 0 |1 0 |2 ddc |4 0 |6 109_000000000000000_COP_1984 |7 1 |8 C_AGB |9 579886 |a BIBDER |b BIBDER |d 2021-12-28 |e Donación |h v.IV |i 5632188 |o 109 COP 1984 |p 5632188 |r 2023-01-25 |t 2 |w 2021-12-28 |y BK_US |k AGB | ||